000 00414nam a22001697a 4500
999 _c1276
_d1276
005 20211004140047.0
008 160521b xxu||||| |||| 00| 0 eng d
020 _a0-8493-8347-1
041 _aeng
082 _b3716
_a530.8
100 _aJohn G. Wabster
_9935
245 _aMeasurement Instrumentation and sensors
260 _bCRC Press
300 _a101.9
650 _aDIPLOMA ENGINEERING
_9817
942 _cBK